00425pab a2200145 454500008004000000100001600040245008600056260000900142300001600151362001100167650003400178650001200212700002100224773003400245180718b2003 xxu||||| |||| 00| 0 eng d aRana, Kumar aHot-tempered `cold fever': illness and impoverishment among adivasis in Jharkhand c2003 ap.1451-455. a12 Apr aMalaria - India - West Bengal aMalaria aJohnson, Liby T. aEconomic and Political Weekly